000 00389nam a2200145Ia 4500
008 230718s9999 xx 000 0 und d
041 _aeng
082 _a005.2768
_bSOM
100 _aSomasundaram K.
245 _a Programming In Java 2
260 _bJaico Publishing House
365 _cRs.
_b350.00
700 _aSomasundaram K.
906 _dO:0039318-Nov-2009B:32630-Sep-2009
_cIT
_b70
999 _c323211
_d323211